000 nam a22 7a 4500
999 _c8109
_d8109
008 171128b xxu||||| |||| 00| 0 eng d
100 _94554
_aCBSE
245 _aSOCIAL SCIENCE IX ,SAMPAL PAPER
260 _aNEW DELHI
_bU-LIKE
_c2018